| 000 | 01173cam a22001814a 4500 | ||
|---|---|---|---|
| 005 | 20250605164352.0 | ||
| 008 | 250528s ||||||||||||||||||||||||d | ||
| 035 | _a24126 | ||
| 040 |
_aGR-AtMCL _bgre _dGR-AtMCL _eAACR2 |
||
| 245 | 1 | _aΔυσλεξία / Η Ειδική Διαταραχή στη Μάθηση του Γραπτού Λόγου (Ψυχολογική Θεώρηση) | |
| 260 |
_aΑθήνα _bΑθήνα, _c1997 |
||
| 300 | _a148 | ||
| 520 | _aΠρόλογος, Εισαγωγή, Η Δυσλεξία ως Μαθησιακό Πρόβλημα, Η Έννοια της Δυσλεξίας, Οι Ψυχολογικές Δομές της Βασικής Αναγνωστικής Λειτουργίας, Οι Διαστάσεις του Προβλήματος της Δυσλεξίας, Τα Αίτια της Δυσλεξίας, Μία Νέα Ερευνητική Μελέτη της Δυσλεξίας, Μια Άλλη Διάσταση στην Εξήγηση της Δυσλεξίας, Ψυχολογικά και Παιδαγωγικά Συμπεράσματα. | ||
| 700 | 1 |
_aΠόρποδα, Κ. Δ _99386 |
|
| 942 | _cBK | ||
| 999 |
_c9025 _d9025 |
||